Central Library OPAC University of Rajshahi

রবীন্দ্রজীবনী ও রবীন্দ্রসাহিত্য-প্রবেশক / (Record no. 71989)

MARC details
000 -LEADER
fixed length control field 01095nam a2200241 a 4500
001 - CONTROL NUMBER
control field 71989
003 - CONTROL NUMBER IDENTIFIER
rucl marc code BD-RjUL
005 - DATE AND TIME OF LATEST TRANSACTION
control field 20211209082210.0
008 - FIXED-LENGTH DATA ELEMENTS--GENERAL INFORMATION
fixed length control field 170511s1960 ii 001 0dben d
035 ## - SYSTEM CONTROL NUMBER
System control number (BD-RjUL)72205
040 ## - CATALOGING SOURCE
Original cataloging agency BD-RjUL
Transcribing agency BD-RjUL
Modifying agency BD-RjUL
Language of cataloging ben/eng
041 ## - LANGUAGE CODE
Language code of text/sound track or separate title ben
082 ## - DEWEY DECIMAL CLASSIFICATION NUMBER
Classification number 891.441092
Edition number 23
Author mark and year MUR V-1 1960
100 1# - MAIN ENTRY--PERSONAL NAME
Personal name মুখোপাধ্যায়, প্রভাতকুমার
9 (RLIN) 238542
245 10 - TITLE STATEMENT
Title রবীন্দ্রজীবনী ও রবীন্দ্রসাহিত্য-প্রবেশক /
Statement of responsibility, etc. প্রভাতকুমার মুখোপাধ্যায়
250 ## - EDITION STATEMENT
Edition statement সংশোধিত সং
260 ## - PUBLICATION, DISTRIBUTION, ETC. (IMPRINT)
Place of publication, distribution, etc. কলিকাতা :
Name of publisher, distributor, etc. বিশ্বভারতী গ্রন্থালয়,
Date of publication, distribution, etc. ১৯৬০
300 ## - PHYSICAL DESCRIPTION
Pagination খণ্ড ;
Size ২৫ সেমি.
505 0# - FORMATTED CONTENTS NOTE
Formatted contents note খণ্ড ১ --
600 ## - SUBJECT ADDED ENTRY--PERSONAL NAME
Personal name ঠাকুর, রবীন্দ্রনাথ,
Dates associated with a name ১৮৬১-১৯৪১
General subdivision জীবনী
Personal name Tagore, Robindronath
Dates associated with a name 1861-1941
General subdivision Biograohy
942 ## - ADDED ENTRY ELEMENTS (KOHA)
Source of classification or shelving scheme Dewey Decimal Classification
Koha item type Books
Holdings
Lost status Source of classification or shelving scheme Damaged status Not for loan Collection code Permanent Location Current Location Shelving location Date acquired Total Checkouts Full call number Date last seen Copy number Koha item type
  Dewey Decimal Classification     Fiction Central Library, University of Rajshahi Central Library, University of Rajshahi   28/01/2020   B 891.441092 MUR V-1 1960 28/01/2020 C-2 Books